| 000 | 00362cam a22001097a 4500 | ||
|---|---|---|---|
| 008 | 180718b1970 xxu||||| |||| 00| 0 eng d | ||
| 082 | _aK5x73 Un3gu | ||
| 245 |
_aGuide to training resources _cby Civil Service Commission, United States |
||
| 260 |
_aWashington _bGovernment Printing Office _c1970 |
||
| 300 | _a8p. | ||
| 700 | _aUnited States. Civil Service Commission | ||
| 999 |
_c500014 _d500014 |
||